000 00733nam a2200277Ia 4500
005 20260324113738.0
008 008 260324s9999 xx 000 0 eng d
020 _a9781003328780
037 _aEBOOK
040 _aCRL
040 _beng
040 _cCRL
041 _2eng
041 _aeng
084 _qCRL
100 _aFaheem Masoodi; Mohammad Quasim; Syed Bukhari; Sarvottam Dixit; Shadab Alam
_91148008
245 0 _aApplications of Machine Learning and Deep Learning on Biological Data
260 _bTaylor and Francis
260 _c2023
365 _a
365 _b240
856 _uhttp://www.taylorfrancis.com/books/9781003328780
942 _cEBOOK
999 _c1737822
_d1737822